zpět

Detail výsledku týmu

A-Sport, Hradec Králové

Datum a čas kvízu

28.5 Celkem bodů Celkový počet nahraných bodů na tomto kvízu bez doplňovacích otázek.
12. Pořadí na kvízu Konečné umístění týmu na tomto kvízu.

Zaznamenané odpovědi

# Otázka Odpověď Body Výsledky
1. Ministerstvo vnitra připustilo... Denisa Rohanová 1
2. Minulý týden bylo oznámeno obn... Moskvič 0
3. V úterý se v pražském Kině Luc... Král Šumavy 0
4. V pondělí, po pěti dnech letu,... Orion 0
5. Ve dvou úvodních zápasech kter... Polsko 0
6. V následujících pěti otázkách... C) 5,68 půllitrů 1
7. Která z následujících jednotek... B 0
8. Na lidské tělo, jehož odpor je... 300 V 0
9. Přiřaďte tyto jednotky k přísl... 1C 2D 3A 4B 1
10. Bušl je stará objemová a hmotn... A 0